00309nam a22001097a 4500020001700000082001400017100004300031245004400074250000700118260004600125300002800171 a978052136374 222a428.1 aMcCarthy, Michael and O'Dell Felicity. aEnglish vocabulary in use :badvanced / aNA aNew Delhi,bCombridge University,cc2008. a315 p. ;bill. ;c24 cm